000 00444nam a2200193Ia 4500
008 101110s9999 xx 000 0 und d
041 _aENGLISH
082 _bSR4701
100 _aStapledon, Olaf
245 _aPhilosophy and Living
365 _b5
520 _aSociology
546 _aENGLISH
630 _aPhilosophy and Living
650 _aSociology
655 _aSociology
730 _aPhilosophy and Living
942 _cBOOK
999 _c800868
_d800865